LEADER 01519nam a2200289 4500 001 000000354233 003 CaOOAMICUS 005 20230613115902.0 008 230613s2022 it 100 u ita r 020 $a978-88-311-7061-1 040 $aSeMil$bita 245 04$aUna porta aperta in cielo :$buna cattedra nel solco di Chiara Lubich e del Patriarca Athenagoras /$c[testi di] Gennadios Zervos, Piero Coda. 264 1$aFigline ed Incisa Valdarno :$bIstituto Universitario Sophia ;$aRoma :$bCittà Nuova,$c2022. 300 $aX, 275 p. ;$c21 cm 490 1 $aTracce / Istituto universitario Sophia ;$v12 500 $aAtti del Convegno tenuto a Loppiano nel 2017 650 4$aEcumenismo - Atti di congressi.$0(OLS)http://semarc/subject/8000 700 1 $aCoda, Piero,$d<1955- >.$0(OLS)http://semarc/name/325 700 1 $aZervos, Gennadios.$0(OLS)http://semarc/name/113656 830 0$aTracce / Istituto universitario Sophia ;$v12.$0(OLS)http://semarc/title/433049 850 $aSeMil 852 $aSeMil$W1$xVenegono$y1$m2NA D 12$j241420$B245477$CSeMilBibl$Z2$F245477 $81 996 $6020$a978-88-311-7061-1$9(OLS)http://semarc/number/298354 996 $6245$aUna porta aperta in cielo :$buna cattedra nel solco di Chiara Lubich e del Patriarca Athenagoras$9(OLS)http://semarc/title/444369 996 $6264$aFigline ed Incisa Valdarno :$bIstituto Universitario Sophia$9(OLS)http://semarc/publisher/59501 996 $6264$aRoma :$bCittà Nuova$9(OLS)http://semarc/publisher/29609 LEADER 01037nam a2200217 i 4500 001 000000152201 003 CaOOAMICUS 005 20060726000000.0 008 060726s1907 it u000 u ita u 013 $a129542 040 $aSeMil$bita 245 10$aRegole per i chierici estratte dalle Regole di s. Carlo per i Seminari di Milano /$crivedute dall'E.mo Andrea C. Ferrari, Arcivescovo di Milano. 260 $aMilano :$bScuola Tipografica Istituto S. Gaetano,$c1907. 300 $a31 p. ;$c22 cm. 650 4$aSeminaristi - Regole.$0(OLS)http://semarc/subject/9303 700 1 $aFerrari, Andrea Carlo,$c.$0(OLS)http://semarc/name/8218 850 $aSeMil 852 $aSeMil$W1$xVenegono$y1$m5D VII 14/7$j104160$B104160$CSeMilBibl$Z2$F113194 $81 961 $aRecupero: Altro 996 $6245$aRegole per i chierici estratte dalle Regole di s. Carlo per i Seminari di Milano$9(OLS)http://semarc/title/222503 996 $6260$aMilano :$bScuola Tipografica Istituto S. Gaetano$9(OLS)http://semarc/publisher/46891